| 000 | 00627nam a2200205 u 4500 | ||
|---|---|---|---|
| 005 | 20210223131656.0 | ||
| 008 | 120216s1995 es r 000 0 spa d | ||
| 020 | _a847960008X | ||
| 035 | _aUPN01000183450 | ||
| 049 | _aI | ||
| 050 | 4 |
_aPQ7390 F7.2 _bC8.3 |
|
| 100 | 1 |
_aFranz Rosell, Joel, _d1954- _931794 |
|
| 245 | 1 | 4 |
_aLos cuentos del mago y el mago del cuento / _cJoel Franz Rosell ; il. Francisco Meléndez. |
| 260 |
_aMadrid : _bDe la Torre, _c1995. |
||
| 300 |
_a94 p. : _bil. |
||
| 440 | 0 |
_aAlba y mayo. _pNarrativa ; _v16 |
|
| 650 | 4 |
_aCUENTOS INFANTILES CUBANOS _911212 |
|
| 905 | _aInfantil | ||
| 999 |
_c155553 _d155553 |
||